000 00363nam a2200133Ia 4500
005 20260328104338.0
008 260328s9999||||xx |||||||||||||| ||und||
100 _aRestrepo, Fabio
245 0 _aCeci est mon testament :
_b Marc-Antoine Laugier /
_cFabio Restrepo
260 _bUniversidad de los Andes
300 _a574 p.
650 _aARQUITECTURA
942 _cBK
999 _c11975
_d11975